000 00312nam a22001457a 4500
008 230414b ||||| |||| 00| 0 eng d
020 _a9780415289955
041 _aeng
080 _a159.9
082 _a159.9DOU
100 _a25
101 _aPSI
245 _aPURITY AND DANGER
_cDOUGLAS
942 _2udc
_cBK
999 _c59559
_d59559